大山小学堂套书(共2册):《半个老大》、《这下麻烦了》 (Record no. 322865)
| 000 -LEADER | |
|---|---|
| fixed length control field | 00461 a2200157 4500 |
| 020 ## - ISBN | |
| ISBN | 4717211038901 |
| 082 ## - 索书号 Call Number | |
| 分类号Classification number | 859.6 |
| 作者号 Author number | 4660-03 v.01-v.02 |
| 100 ## - 作者 | |
| 作者 | 王文华 著 |
| 245 ## - 书名 TITLE | |
| 书名Title | 大山小学堂套书(共2册):《半个老大》、《这下麻烦了》 |
| 250 ## - 版本 EDITION STATEMENT | |
| 版本叙述 Edition statement | 初版;平装 |
| 260 ## - 出版项PUBLICATION, DISTRIBUTION, ETC. (IMPRINT) | |
| 出版社 Name of publisher | 亲子天下股份有限公司 |
| 出版日期 Date of publication | 2025 |
| 出版地 Place of publication | 台北市 |
| 300 ## - 稽核项 PHYSICAL DESCRIPTION | |
| 页数 Number of Pages | 182页;198页 |
| 尺寸 Dimensions | 21公分 |
| 500 ## - 一般附注 GENERAL NOTE | |
| 附注 General note | 购 |
| 700 ## - ADDED ENTRY--PERSONAL NAME | |
| 第二作者 / 译者 / 绘者 | 王秋香 图 |
| 942 ## - ADDED ENTRY ELEMENTS (KOHA) | |
| Koha item type | Books |
| Source of classification or shelving scheme | Not for loan | Permanent Location | Current Location | Shelving location | Date acquired | Source of acquisition | Cost, normal purchase price | 部册号Serial Enumeration / chronology | Full call number | Barcode | Cost, replacement price | Koha item type |
|---|---|---|---|---|---|---|---|---|---|---|---|---|
| LIBRARY CHUNG HWA HIGH SCHOOL MUAR | LIBRARY CHUNG HWA HIGH SCHOOL MUAR | 一楼儿童文学区 1st Floor Children's Area | 2026-03-25 | 购 | 102.70 | 半个老大 ISBN:9786263053366 | 859.6 4660-03 v.01-v.02 | 050297 | 205.40 | Books | ||
| LIBRARY CHUNG HWA HIGH SCHOOL MUAR | LIBRARY CHUNG HWA HIGH SCHOOL MUAR | 一楼儿童文学区 1st Floor Children's Area | 2026-03-25 | 购 | 102.70 | 这下麻烦大了 ISBN:9786264063449 | 859.6 4660-03 v.01-v.02 | 050298 | 205.40 | Books |
